000
00305nam a2200133Ia 4500
008
260604s9999 xx 000 0 und d
020
_a
9780143460053
082
_a
823.91 KAL
100
_a
Kalki
_9
35955
245
0
_a
Sivakami's Vow 4: Shattered Dream
260
_b
EBURY
500
_a
Dream
942
_c
BK
999
_c
8796
_d
8796